Statistics for Last 20 Countries and Capitals (alphabetically)

Click here to take the quiz!

General Stats

  • This quiz has been taken 172 times
  • The average score is 28 of 40

Answer Stats

Answer% Correct
United Kingdom
97%
Zambia
96%
Zimbabwe
96%
United States
95%
Vatican City
91%
Vatican City
91%
Venezuela
90%
United Arab Emirates
87%
Uruguay
87%
Vietnam
87%
Turkey
85%
Vanuatu
85%
Uzbekistan
84%
Yemen
84%
Ukraine
83%
Turkmenistan
82%
Uganda
82%
Washington, D.C.
79%
Zagreb
79%
Tuvalu
76%
Wellington
73%
Warsaw
66%
Tonga
65%
Tunis
65%
Yerevan
65%
Tunisia
61%
Windhoek
61%
Ulaanbaatar
60%
Trinidad and Tobago
59%
Yaren
56%
Vienna
55%
Vilnius
55%
Vaduz
54%
Vientiane
53%
Yaoundé
51%
Valletta
48%
Yamoussoukro
48%
Victoria
39%
Tokyo
37%
Tripoli
29%

Score Distribution

Percentile by Number Answered

Percent of People with Each Score

Your Score History

You have not taken this quiz